| 000 | 00506nam a2200169 a 4500 | ||
|---|---|---|---|
| 005 | 20210219160536.0 | ||
| 008 | 081110s1959 mx r 000 0 spa d | ||
| 035 | _aUPN01000167521 | ||
| 049 | _aUNE | ||
| 080 | _aOC 058.7: 37 (100) REP No.34. | ||
| 245 | 0 | 0 | _aRepertorio internacional de asociaciones de educación. |
| 260 |
_aParís : _bUNESCO, _c1959. |
||
| 300 | _a91 p. | ||
| 440 | 0 |
_aEstudios y documentos de educación ; _v34 |
|
| 690 | _aAsociaciones educativas - Directorios | ||
| 905 | _aUNESCO | ||
| 999 |
_c139632 _d139632 |
||